Σαντορίνη : τοπία του νου = Santorini : mindscapes
Saved in:
| Other Authors: | |
|---|---|
| Format: | Book |
| Language: | Greek English |
| Published: |
Αθήνα :
Πανεπιστημιακές Εκδόσεις ΕΜΠ,
c2020.
|
| Subjects: | |
| Tags: |
Add Tag
No Tags, Be the first to tag this record!
|
MARC
| LEADER | 00000nam a2200000 a 4500 | ||
|---|---|---|---|
| 001 | 1/125600 | ||
| 008 | 221114s2020####gr | ||| |||| ||gre|| | ||
| 020 | |a 9789602547083 | ||
| 040 | |a GR-MyUa |b gre |c GR-MyUa |e AACR2 | ||
| 041 | 0 | |a gre |a eng | |
| 082 | 7 | |a 712.0949585 |2 (23) | |
| 245 | 0 | 0 | |a Σαντορίνη : |b τοπία του νου = Santorini : mindscapes / |c επιστημονική επιμέλεια: Ρίβα Λάββα. |
| 246 | 1 | |i Παράλληλος τίτλος: |a Santorini : |h mindscapes | |
| 260 | |a Αθήνα : |b Πανεπιστημιακές Εκδόσεις ΕΜΠ, |c c2020. | ||
| 300 | |a 124 σ. : |b εικ. ; |c 32 εκ. | ||
| 504 | |a Βιβλιογραφία: σ. 32-34. | ||
| 650 | 0 | |a Landscape architecture |z Greece |z Santorini Island. | |
| 700 | 1 | |a Λάββα, Ρίβα, |e edtf | |
| 852 | |a INST |b SYROS |c KYK |e 20221114 |h 712.0949585 ΣΑΝ |p 005500015566 |q 005500015566 |t EDX |y 0 | ||
| 920 | |a Εύδοξος |b Παραγγελία |y Σύρος-ΤΜΣΠΣ |z 2021-01 | ||
| 970 | |a Κοντού |b Παρασκευή |z 14/11/2022 | ||